000 00787nam a22002057a 4500
999 _c12192
_d12192
003 AR-CdUCM
008 190408b ||||| |||| 00| 0 spa d
040 _aMUNICIPALIDAD PROVINCIAL DEL CUSCO
_cBIBLIOTECA MUNICIPAL DEL CUSCO
082 _a507 /
_bE24
110 _aEdiciones en lenguas extranjeras.
_916044
245 _aEducación y Ciencias /
260 _aBeijing :
_bEdiciones en la lengua extranjeras,
_c1985.
300 _a253 páginas
_c18 cm.
440 _aColección China.
_913057
505 _aContenido :La educación -- Ciencias naturales --Ciencias sociales -- Estudios pedagógicos -- Desarrollo de la ciencia y tecnología en la nueva china ...
650 _aHistoria de la china
_929918
650 _aLiteratura china
_97278
942 _2ddc
_cLIBROS
945 _arum